RIPMGSGHBAB 🥀 - Statistics

General Stats
  • This quiz has been taken 12 times
  • The average score is 158 of 231
Answer Stats
Answer % Correct
a
100%
A
100%
bazooka
100%
by
100%
go
100%
got
100%
granny
100%
Granny
100%
hit
100%
I
100%
in
100%
my
100%
peace
100%
Rest
100%
she
100%
about
90%
bout
90%
every
90%
Every
90%
Kaboom
90%
kaboom
90%
the
90%
Then
90%
time
90%
hookah
80%
think
80%
Yeah
80%
her
70%
it
70%
kablow
70%
like
70%
and
60%
boom
60%
lil
60%
little
60%
missile
60%
Oh
60%
room
60%
sister
60%
sounded
60%
teach
60%
that
60%
tryna
60%
was
60%
Who
60%
do
50%
done
50%
heard
50%
is
50%
What
50%
what
50%
close
40%
eyes
40%
fired
40%
gon
40%
Shots
40%
they
40%
with
40%
blitz
30%
but
30%
crew
30%
did
30%
don't
30%
drawing
30%
forget
30%
forgive
30%
have
30%
him
30%
Homicide
30%
how
30%
I'm
30%
I'ma
30%
know
30%
lose
30%
me
30%
plays
30%
quick
30%
slide
30%
sorry
30%
thinking
30%
to
30%
want
30%
when
30%
whole
30%
you
30%
You
30%
your
30%
'head
20%
If
20%
would
20%
No matching quizzes found
Score Distribution
Percent of People with Each Score
Percentile by Number Answered
Your Score History
You have not taken this quiz